00890nam a2200289 u 4500001001000000003000900010005001700019007001000036008004100046020001500087040002200102092001700124110002900141245003500170260004100205300003100246500000600277650002300283650002300306650002400329650002500353910003700378942001200415952011800427956003800545999001700583000020282DO-SdBNP20160915112038.0000020282100804s2011 sp a r 000 0 spa d a9972625540 aBPMSUbspacBPMSU a863 bC965cu 4Ediciones Euromexico 4 10aCuentos clásicos infantiles  aBarcelona :bLexus Ediotres, c2003 a195 p. :bil. ;c29 cm.  a  4aCUENTOS INFANTILES 4a CUENTOS DE HADAS  4aLITERATURA INFANTIL 4aLITERATURA CLÁSICA aValidado. Control de calidad MFF 2ddccBK 00102ddc40708INFaBPMETbBPMETd2016-09-14eCompral0o863 C965cupBPMSU16090261r2016-09-14w2016-09-14yBK aVMATEOb10c20160914lBPMSUh0069 c11369d11369